<?xml version="1.0" encoding="UTF-8"?>
<collection xmlns="http://www.loc.gov/MARC21/slim">
 <record>
  <leader>     na                 </leader>
  <controlfield tag="001">INLIS000000000017880</controlfield>
  <controlfield tag="005">20150526143541.0</controlfield>
  <controlfield tag="008">                                        </controlfield>
  <datafield tag="020" ind1=" " ind2=" ">
   <subfield code="a">978-979-517-540-7</subfield>
  </datafield>
  <datafield tag="035" ind1=" " ind2=" ">
   <subfield code="a">0010-051500000000011</subfield>
  </datafield>
  <datafield tag="040" ind1=" " ind2=" ">
   <subfield code="a">JIPUBAY</subfield>
  </datafield>
  <datafield tag="082" ind1=" " ind2=" ">
   <subfield code="2">[23]</subfield>
   <subfield code="a">900</subfield>
  </datafield>
  <datafield tag="084" ind1=" " ind2=" ">
   <subfield code="a">900 VIV m</subfield>
  </datafield>
  <datafield tag="100" ind1=" " ind2=" ">
   <subfield code="a">VIVI, Vibariani</subfield>
  </datafield>
  <datafield tag="245" ind1=" " ind2=" ">
   <subfield code="a">Mengenal Museum</subfield>
   <subfield code="c">/ Vivi Vibariani, Miyarso Dwi Ajie</subfield>
  </datafield>
  <datafield tag="260" ind1=" " ind2=" ">
   <subfield code="a">Surakarta</subfield>
   <subfield code="b">Widya Duta Grafika</subfield>
   <subfield code="c">2007</subfield>
  </datafield>
  <datafield tag="300" ind1=" " ind2=" ">
   <subfield code="a">vi, 70 hlm.</subfield>
   <subfield code="b">; ilus.</subfield>
   <subfield code="c">; 21 cm.</subfield>
  </datafield>
  <datafield tag="650" ind1=" " ind2=" ">
   <subfield code="a">Sejarah Indonesia</subfield>
   <subfield code="x">Sejarah</subfield>
  </datafield>
  <datafield tag="700" ind1=" " ind2=" ">
   <subfield code="a">Miyarso Dwi Ajie</subfield>
  </datafield>
 </record>
</collection>
